| 000 | 01080nam a2200217 a 4500 | ||
|---|---|---|---|
| 001 | ASIN1420071564 | ||
| 003 | Nust- CAS-E | ||
| 005 | 20180118181354.0 | ||
| 008 | 140217s2008 xxu eng d | ||
| 020 |
_a1420071564 _c$125.95 |
||
| 020 | _a9781420071566 | ||
| 040 | _c0 | ||
| 082 |
_a629.229 _bHOR 2008 |
||
| 100 | 1 | _aHordeski, Michael Frank. | |
| 245 | 1 | 0 |
_aHydrogen & fuel cells : _badvances in transportation and power / _cMichael Frank Hordeski. |
| 260 |
_a[S.l.] : _bFairmont Press, _c2008. |
||
| 300 |
_a250 p. ; _c24 cm. |
||
| 520 | _aThe hydrogen car has been proposed as the solution to our oil problems, but how would it work, and what potential problems associated with it? This book addresses these questions and provides specifics about current developments toward a hydrogen-based energy infrastructure. It offers the reader an informed look at the current state of fuel cell power and transportation technology, and where it's headed. | ||
| 856 | 4 | 0 |
_3Amazon.com _uhttp://www.amazon.com/exec/obidos/ASIN/1420071564/chopaconline-20 |
| 942 |
_2ddc _cBK |
||
| 999 |
_c355245 _d355245 |
||